00530nam a2200193 a 4500001001300000003000900013005001700022008004100039020002700080082001300107100001900120245006200139260002700201300000900228500003500237505001000272650003500282700001900317nice12345678IN_TiNIC20260116013814.0050524s1992 dela grp 000 0 eng  a0803969 c2447.5500a302bELI aEllis, Carolyn aInvestigating Subjectivityb Research on Lived Experience aDelhibSage Pub c1992 a259p aincludes index and biblioraphy2 aIndex aSocial-Psychology-subjectivity1 aEllis, Carolyn